<?xml version="1.0" encoding="UTF-8"?>
<collection xmlns="http://www.loc.gov/MARC21/slim">
 <record>
  <leader>01583nam a22002297a 4500</leader>
  <controlfield tag="001">NCT_45268</controlfield>
  <controlfield tag="008">180707b        xxu||||| |||| 00| 0 vie d</controlfield>
  <datafield tag="999" ind1=" " ind2=" ">
   <subfield code="c">2164</subfield>
   <subfield code="d">2164</subfield>
  </datafield>
  <datafield tag="020" ind1=" " ind2=" ">
   <subfield code="c">96000</subfield>
  </datafield>
  <datafield tag="082" ind1="0" ind2="4">
   <subfield code="2">23rd ed.</subfield>
   <subfield code="a">005.13</subfield>
   <subfield code="b">H407</subfield>
  </datafield>
  <datafield tag="100" ind1="1" ind2=" ">
   <subfield code="a">Lê Minh Hoàng</subfield>
   <subfield code="e">chủ biên</subfield>
  </datafield>
  <datafield tag="245" ind1="1" ind2=" ">
   <subfield code="a">Sử dụng Perl &amp; CGI thiết kế web động</subfield>
   <subfield code="c">Lê Minh Hoàng (chủ biên), Hoàng Đức Hải</subfield>
  </datafield>
  <datafield tag="260" ind1=" " ind2=" ">
   <subfield code="a">H.</subfield>
   <subfield code="b">Lao động xã hội</subfield>
   <subfield code="c">2006</subfield>
  </datafield>
  <datafield tag="300" ind1=" " ind2=" ">
   <subfield code="a">548 tr.</subfield>
   <subfield code="c">24cm</subfield>
  </datafield>
  <datafield tag="520" ind1="3" ind2=" ">
   <subfield code="a">PERL là một trong những ngôn ngữ kịch bản phổ biến nhất dùng để bổ sung các đặc điểm tương tác cho trang Web. Perl cho phép đặt các biểu mẫu trên Site của bạn để thu thập và xử lý các dũ liệu do người dùng cung cấp, cho phép người dùng tìm kiếm thông tin và có thể tích hợp cơ sở dữ liệu trong Website... </subfield>
  </datafield>
  <datafield tag="653" ind1=" " ind2=" ">
   <subfield code="a">Công nghệ thông tin</subfield>
  </datafield>
  <datafield tag="700" ind1="1" ind2=" ">
   <subfield code="a">Hoàng Đức Hải</subfield>
  </datafield>
  <datafield tag="942" ind1=" " ind2=" ">
   <subfield code="2">ddc</subfield>
   <subfield code="c">BK</subfield>
  </datafield>
  <datafield tag="952" ind1=" " ind2=" ">
   <subfield code="0">0</subfield>
   <subfield code="1">0</subfield>
   <subfield code="2">ddc</subfield>
   <subfield code="4">0</subfield>
   <subfield code="6">005_130000000000000_H407</subfield>
   <subfield code="7">0</subfield>
   <subfield code="9">12435</subfield>
   <subfield code="a">000001</subfield>
   <subfield code="b">000001</subfield>
   <subfield code="d">2018-07-07</subfield>
   <subfield code="o">005.13 H407</subfield>
   <subfield code="p">MD.02033</subfield>
   <subfield code="r">2018-07-07</subfield>
   <subfield code="v">90000.00</subfield>
   <subfield code="w">2018-07-07</subfield>
   <subfield code="y">BK</subfield>
  </datafield>
  <datafield tag="952" ind1=" " ind2=" ">
   <subfield code="0">0</subfield>
   <subfield code="1">0</subfield>
   <subfield code="2">ddc</subfield>
   <subfield code="4">0</subfield>
   <subfield code="6">005_130000000000000_H407</subfield>
   <subfield code="7">0</subfield>
   <subfield code="9">12436</subfield>
   <subfield code="a">000001</subfield>
   <subfield code="b">000001</subfield>
   <subfield code="d">2018-07-07</subfield>
   <subfield code="o">005.13 H407</subfield>
   <subfield code="p">MD.02034</subfield>
   <subfield code="r">2018-07-07</subfield>
   <subfield code="v">90000.00</subfield>
   <subfield code="w">2018-07-07</subfield>
   <subfield code="y">BK</subfield>
  </datafield>
  <datafield tag="952" ind1=" " ind2=" ">
   <subfield code="0">0</subfield>
   <subfield code="1">0</subfield>
   <subfield code="2">ddc</subfield>
   <subfield code="4">0</subfield>
   <subfield code="6">005_130000000000000_H407</subfield>
   <subfield code="7">0</subfield>
   <subfield code="9">12437</subfield>
   <subfield code="a">000001</subfield>
   <subfield code="b">000001</subfield>
   <subfield code="d">2018-07-07</subfield>
   <subfield code="o">005.13 H407</subfield>
   <subfield code="p">MD.02035</subfield>
   <subfield code="r">2018-07-07</subfield>
   <subfield code="v">90000.00</subfield>
   <subfield code="w">2018-07-07</subfield>
   <subfield code="y">BK</subfield>
  </datafield>
  <datafield tag="980" ind1=" " ind2=" ">
   <subfield code="a">Thư viện Trường Đại học Nam Cần Thơ</subfield>
  </datafield>
 </record>
</collection>
